[Event "St Petersburg-ch Seniors Blitz (Women)"]
[Site "St Petersburg"]
[Date "2022.10.05"]
[Round "2"]
[White "Chernikova, Svetlana"]
[Black "Bogumil, Tatiana"]
[Result "0-1"]
[WhiteElo "1852"]
[BlackElo "2082"]
[PlyCount "66"]
[EventDate "2022.10.05"]
[EventType "swiss (blitz)"]
[EventRounds "11"]
[EventCountry "RUS"]
[SourceTitle "CBM 210 Extra"]
[Source "ChessBase"]
[SourceDate "2022.11.30"]
[SourceVersion "1"]
[SourceVersionDate "2022.11.30"]
[SourceQuality "1"]

1. e4 g6 2. d4 d6 3. Nc3 Bg7 4. h3 Nd7 5. Nf3 c5 6. Be3 b6 7. Be2 Bb7 8. 0-0 a6 9. a4 Rc8 10. Qd2 Qc7 11. Rfd1 Qb8 12. a5 b5 13. dxc5 Nxc5 14. Bxc5 Rxc5 15. Nd4 Nf6 16. f3 0-0 17. Nb3 Rc7 18. Rac1 Rfc8 19. Na2 Nd7 20. c3 Qa7+ 21. Kh1 Qf2 22. Qe1 Qe3 23. Qd2 Qa7 24. Nb4 Ne5 25. Rb1 h5 26. h4 Bf6 27. Qe1 Qe3 28. Nd5 Bxd5 29. Rxd5 Nc4 30. Bxc4 Qxe1+ 31. Rxe1 bxc4 32. Na1 Bxh4 33. Red1 Rb8 0-1

[Event "St Petersburg-ch Seniors Blitz (Women)"]
[Site "St Petersburg"]
[Date "2022.10.05"]
[Round "8"]
[White "Kapelkina, Galina"]
[Black "Chernikova, Svetlana"]
[Result "0-1"]
[WhiteElo "1771"]
[BlackElo "1852"]
[PlyCount "106"]
[EventDate "2022.10.05"]
[EventType "swiss (blitz)"]
[EventRounds "11"]
[EventCountry "RUS"]
[SourceTitle "CBM 210 Extra"]
[Source "ChessBase"]
[SourceDate "2022.11.30"]
[SourceVersion "1"]
[SourceVersionDate "2022.11.30"]
[SourceQuality "1"]

1. d4 g6 2. Nf3 Bg7 3. e4 d6 4. c4 Nd7 5. Nc3 e5 6. d5 f5 7. Bg5 Bf6 8. Bxf6 Ndxf6 9. Bd3 Ne7 10. Qc2 0-0 11. exf5 Nxf5 12. 0-0 c5 13. Ne4 Nxe4 14. Bxe4 Qf6 15. Rad1 Nd4 16. Nxd4 exd4 17. Qd3 Bd7 18. f4 Bf5 19. Bxf5 Qxf5 20. Qxf5 Rxf5 21. g3 Re8 22. Rfe1 Rff8 23. Kf2 Kf7 24. Rxe8 Rxe8 25. Re1 Rxe1 26. Kxe1 h5 27. Ke2 Kf6 28. h3 g5 29. fxg5+ Kxg5 30. Kf3 Kf5 31. g4+ hxg4+ 32. hxg4+ Kg5 33. Kg3 Kf6 34. Kf4 Kg6 35. a3 a5 36. a4 b6 37. b3 Kf6 38. Ke4 Kg5 39. Kf3 d3 40. Ke3 Kxg4 41. Kxd3 Kf3 42. Kc3 Ke3 43. Kc2 Ke2 44. Kc3 Kd1 45. Kb2 Kd2 46. Ka3 Kc3 47. Ka2 Kc2 48. Ka3 Kb1 49. b4 axb4+ 50. Kb3 Ka1 51. Kc2 Ka2 52. Kc1 b3 53. Kd1 b2 0-1

[Event "St Petersburg-ch Seniors (Women)"]
[Site "St Petersburg"]
[Date "2022.09.28"]
[Round "5"]
[White "Chernikova, Svetlana"]
[Black "Kapelkina, Galina"]
[Result "1/2-1/2"]
[WhiteElo "2008"]
[BlackElo "1644"]
[PlyCount "42"]
[EventDate "2022.09.24"]
[EventType "swiss"]
[EventRounds "9"]
[EventCountry "RUS"]
[SourceTitle "CBM 210 Extra"]
[Source "ChessBase"]
[SourceDate "2022.11.30"]
[SourceVersion "1"]
[SourceVersionDate "2022.11.30"]
[SourceQuality "1"]

1. e4 e5 2. Nf3 Nc6 3. Bc4 Nf6 4. d3 Be7 5. Nc3 0-0 6. 0-0 d6 7. h3 Na5 8. a4 Nxc4 9. dxc4 c6 10. b3 Bd7 11. Ba3 Be6 12. Ng5 Qd7 13. Qd3 h6 14. Nxe6 fxe6 15. Rad1 Rad8 16. Qe3 b6 17. a5 Qb7 18. Bc1 bxa5 19. Bd2 Nh7 20. Ra1 Bg5 21. Qe2 Rf7 1/2-1/2

[Event "RUS-ch (Women) 1st League 61st"]
[Site "Ivanovo"]
[Date "2011.03.01"]
[Round "9"]
[White "Chudinovskikh, Zinaida"]
[Black "Chernikova, Svetlana"]
[Result "1/2-1/2"]
[WhiteElo "2105"]
[BlackElo "2110"]
[PlyCount "83"]
[EventDate "2011.02.21"]
[EventType "swiss"]
[EventRounds "9"]
[EventCountry "RUS"]
[SourceTitle "CBM 141 Extra"]
[Source "ChessBase"]
[SourceDate "2011.05.03"]
[SourceVersion "1"]
[SourceVersionDate "2011.05.03"]
[SourceQuality "1"]

1. e4 c5 2. Nf3 g6 3. d4 cxd4 4. Nxd4 Nf6 5. Nc3 Nc6 6. Nxc6 dxc6 7. Qxd8+ Kxd8 8. Bf4 Nh5 9. Be3 e5 10. 0-0-0+ Ke8 11. Be2 Nf4 12. Bxf4 exf4 13. f3 Be6 14. a3 Bg7 15. Nb1 Ke7 16. Rd2 Rad8 17. Rhd1 Rxd2 18. Rxd2 Rd8 19. Rxd8 Kxd8 20. Nd2 Ke7 21. Nc4 Bxc4 22. Bxc4 Be5 23. b3 f6 24. a4 a5 25. Kd2 Kd6 26. c3 Kc5 27. Be2 Bc7 28. Kc2 Be5 29. Bc4 Bd6 30. Bd3 Bc7 31. Bc4 Bb6 32. Be2 Bc7 33. Bc4 Be5 34. Be2 g5 35. h3 h6 36. Bc4 Bc7 37. Be6 Be5 38. Bf7 Bd6 39. Kd3 Be5 40. Be6 Bc7 41. Bf7 Be5 42. Be6 1/2-1/2

[Event "RUS-ch (Women) 1st League 61st"]
[Site "Ivanovo"]
[Date "2011.02.26"]
[Round "6"]
[White "Chernikova, Svetlana"]
[Black "Aseeva, Anastasia"]
[Result "1/2-1/2"]
[WhiteElo "2110"]
[BlackElo "1807"]
[PlyCount "84"]
[EventDate "2011.02.21"]
[EventType "swiss"]
[EventRounds "9"]
[EventCountry "RUS"]
[SourceTitle "CBM 141 Extra"]
[Source "ChessBase"]
[SourceDate "2011.05.03"]
[SourceVersion "1"]
[SourceVersionDate "2011.05.03"]
[SourceQuality "1"]

1. e4 c6 2. d4 d5 3. Nc3 dxe4 4. Nxe4 Bf5 5. Ng3 Bg6 6. Nf3 Nd7 7. h4 h6 8. Bd3 Bxd3 9. Qxd3 e6 10. Bd2 Ngf6 11. c4 Qc7 12. Ne2 Rd8 13. Qc2 c5 14. Rd1 Bd6 15. b3 0-0 16. Nc3 Bf4 17. Rh3 Bxd2+ 18. Rxd2 cxd4 19. Nxd4 a6 20. Kf1 Ne5 21. Ne4 Nxe4 22. Qxe4 Nc6 23. Nf3 Rxd2 24. Nxd2 Rd8 25. Rd3 Rxd3 26. Qxd3 Nb4 27. Qb1 Qf4 28. Nf3 e5 29. Qe1 Nd3 30. Qd2 Qf5 31. Qe3 f6 32. Nd2 Nb4 33. a3 Nc2 34. Qe4 Qxe4 35. Nxe4 Nxa3 36. Nc5 Nc2 37. Nxb7 Nd4 38. b4 Nc6 39. b5 axb5 40. cxb5 Na7 41. Nd6 Kf8 42. b6 Nc6 1/2-1/2

[Event "RUS-ch (Women) 1st League 61st"]
[Site "Ivanovo"]
[Date "2011.02.25"]
[Round "5"]
[White "Bibilashvili, Anna"]
[Black "Chernikova, Svetlana"]
[Result "0-1"]
[WhiteElo "1926"]
[BlackElo "2110"]
[PlyCount "106"]
[EventDate "2011.02.21"]
[EventType "swiss"]
[EventRounds "9"]
[EventCountry "RUS"]
[SourceTitle "CBM 141 Extra"]
[Source "ChessBase"]
[SourceDate "2011.05.03"]
[SourceVersion "1"]
[SourceVersionDate "2011.05.03"]
[SourceQuality "1"]

1. e4 c5 2. Nf3 g6 3. d4 cxd4 4. Nxd4 Nf6 5. Nc3 Nc6 6. Be3 Bg7 7. Be2 0-0 8. Qd2 d5 9. exd5 Nxd5 10. Nxd5 Qxd5 11. Bf3 Qe5 12. Nxc6 bxc6 13. c3 Qc7 14. 0-0 Ba6 15. Rfe1 Rfd8 16. Qc2 Bc4 17. Bc5 e5 18. b4 Rd7 19. Qa4 Bd5 20. Bxd5 cxd5 21. Rad1 Rad8 22. Re2 Bf8 23. Bxf8 Kxf8 24. Qb3 d4 25. cxd4 exd4 26. Red2 Qb6 27. a3 Rb7 28. Qh3 Kg7 29. Qg4 Rbd7 30. Qe2 Rd5 31. g3 a5 32. b5 Rxb5 33. Rxd4 Rxd4 34. Rxd4 Qxd4 35. Qxb5 Qa1+ 36. Kg2 Qxa3 37. Qe8 Qf8 38. Qa4 Qa8+ 39. f3 h6 40. h4 Qd5 41. g4 h5 42. Kg3 Qd6+ 43. Kg2 Qb4 44. Qa2 Kg8 45. Qe2 a4 46. Qe8+ Kg7 47. Qe5+ Kh7 48. Qc7 Qb3 49. f4 Qd5+ 50. Kf2 a3 51. Ke3 a2 52. Qa7 Qb3+ 53. Kd2 Qb2+ 0-1

[Event "Nizhnij Novgorod-ch HL"]
[Site "Nizhnij Novgorod"]
[Date "2009.11.14"]
[Round "?"]
[White "Shendrik, Zhanna"]
[Black "Chernikova, Svetlana"]
[Result "1/2-1/2"]
[WhiteElo "2034"]
[BlackElo "2131"]
[PlyCount "87"]
[EventDate "2009.11.14"]
[EventType "swiss"]
[EventRounds "9"]
[EventCountry "RUS"]
[SourceTitle "EXT 2022"]
[Source "ChessBase"]
[SourceDate "2021.10.06"]
[SourceVersion "1"]
[SourceVersionDate "2021.10.06"]
[SourceQuality "1"]

1. d4 Nf6 2. Nf3 c6 3. c4 b5 4. e3 bxc4 5. Bxc4 Ba6 6. Qe2 Qb6 7. 0-0 e6 8. Nc3 Bxc4 9. Qxc4 Be7 10. e4 d5 11. Qe2 dxe4 12. Nxe4 Nbd7 13. Bd2 0-0 14. b4 Nxe4 15. Qxe4 Nf6 16. Qc2 Nd5 17. a3 Bf6 18. Rac1 Bxd4 19. Nxd4 Qxd4 20. Rfd1 Rfc8 21. Qa4 Qg4 22. Qa6 Rc7 23. h3 Qe4 24. Rc5 h6 25. Rdc1 Rb8 26. Rxc6 Rb6 27. Rxb6 Rxc1+ 28. Bxc1 axb6 29. Qf1 Qc2 30. Qe1 Qb3 31. Qd2 Qc4 32. Bb2 f6 33. Bd4 b5 34. Bc5 Kh7 35. Qd1 Nc3 36. Qd8 Ne2+ 37. Kh2 Qf4+ 38. g3 Qc1 39. f3 Qc2 40. Bf2 Nc1 41. Kg2 Nd3 42. Qb6 Nxf2 43. Qxf2 Qc4 44. Qd2 1/2-1/2

[Event "Kiev Independence Cup-A 9th"]
[Site "Kiev"]
[Date "2009.08.21"]
[Round "9"]
[White "Bortnyk, Olexandr"]
[Black "Chernikova, Svetlana"]
[Result "1-0"]
[WhiteElo "2308"]
[BlackElo "2139"]
[PlyCount "45"]
[EventDate "2009.08.13"]
[EventType "swiss"]
[EventRounds "11"]
[EventCountry "UKR"]
[SourceTitle "CBM 131 Extra"]
[Source "ChessBase"]
[SourceDate "2009.09.03"]
[SourceVersion "2"]
[SourceVersionDate "2009.09.16"]
[SourceQuality "1"]

1. e4 c5 2. c3 d5 3. exd5 Qxd5 4. d4 Nc6 5. Nf3 e5 6. Be3 cxd4 7. cxd4 e4 8. Nfd2 Bb4 9. a3 Bxd2+ 10. Qxd2 Nf6 11. Nc3 Qd8 12. d5 Ne7 13. Bg5 Nexd5 14. Rd1 Be6 15. Bb5+ Kf8 16. Nxd5 Bxd5 17. Bxf6 Qxf6 18. Qxd5 a6 19. Qxb7 Rd8 20. Rxd8+ Qxd8 21. Bxa6 e3 22. fxe3 Qa5+ 23. Qb4+ 1-0

[Event "St Petersburg Rudenko Memorial (Women)"]
[Site "St Petersburg"]
[Date "2008.09.03"]
[Round "9"]
[White "Chernikova, Svetlana"]
[Black "Sorokina, Anastasia1111"]
[Result "0-1"]
[WhiteElo "2159"]
[BlackElo "2073"]
[PlyCount "66"]
[EventDate "2008.08.26"]
[EventType "swiss"]
[EventRounds "9"]
[EventCountry "RUS"]
[SourceTitle "EXT 2010"]
[Source "ChessBase"]
[SourceDate "2010.11.25"]
[SourceVersion "1"]
[SourceVersionDate "2010.11.25"]
[SourceQuality "1"]

1. e4 c5 2. c3 Nf6 3. e5 Nd5 4. d4 cxd4 5. cxd4 d6 6. Nf3 Nc6 7. Qb3 Nb6 8. Ng5 e6 9. Qf3 f6 10. exf6 Qxf6 11. Bb5 Bd7 12. Bxc6 bxc6 13. 0-0 Qxf3 14. Nxf3 Be7 15. Nc3 Rb8 16. Re1 h6 17. b3 Rf8 18. Ba3 g5 19. h3 Rf5 20. Ne4 Nc8 21. Bc1 Nb6 22. h4 gxh4 23. Bxh6 h3 24. Ng3 Rf7 25. Re4 hxg2 26. Ng5 Rf6 27. Rh4 Rg6 28. f4 Nd5 29. N3e4 Rb4 30. Re1 Nxf4 31. Rxf4 Rxh6 32. Kxg2 Rg6 33. Rg4 Rxd4 0-1

[Event "St Petersburg Rudenko Memorial (Women)"]
[Site "St Petersburg"]
[Date "2008.09.01"]
[Round "7"]
[White "Chernikova, Svetlana"]
[Black "Mednikova, Svetlana"]
[Result "1/2-1/2"]
[WhiteElo "2159"]
[BlackElo "2165"]
[PlyCount "99"]
[EventDate "2008.08.26"]
[EventType "swiss"]
[EventRounds "9"]
[EventCountry "RUS"]
[SourceTitle "EXT 2010"]
[Source "ChessBase"]
[SourceDate "2010.11.25"]
[SourceVersion "1"]
[SourceVersionDate "2010.11.25"]
[SourceQuality "1"]

1. e4 c5 2. g3 Nc6 3. Bg2 Nf6 4. Nc3 e6 5. Nge2 Be7 6. 0-0 0-0 7. d4 cxd4 8. Nxd4 d6 9. h3 a6 10. Be3 Qc7 11. a3 Bd7 12. Nxc6 Bxc6 13. Qd4 b5 14. Rfd1 Rac8 15. Rd2 Qb7 16. Rad1 Rfd8 17. Qb6 Qxb6 18. Bxb6 Rd7 19. Ba5 h6 20. e5 dxe5 21. Rxd7 Bxd7 22. Bb7 Rb8 23. Bf3 Bd8 24. Bxd8 Rxd8 25. Bb7 Rb8 26. Bxa6 Be8 27. Na2 Rb6 28. Nb4 Nd5 29. Nxd5 exd5 30. Bc8 d4 31. Bf5 g6 32. Bd3 Kg7 33. c3 dxc3 34. bxc3 Ra6 35. Rb1 Rxa3 36. Bxb5 Bxb5 37. Rxb5 e4 38. Rb4 f5 39. Rc4 Kf6 40. h4 Ra6 41. Rc8 Ke5 42. Kg2 Kd5 43. Rf8 Ke5 44. Rh8 g5 45. hxg5 hxg5 46. Rg8 Rc6 47. Rxg5 Rxc3 48. g4 Rf3 49. gxf5 Rxf5 50. Rg8 1/2-1/2

[Event "St Petersburg Rudenko Memorial (Women)"]
[Site "St Petersburg"]
[Date "2008.08.30"]
[Round "5"]
[White "Chernikova, Svetlana"]
[Black "Azimova, Karina"]
[Result "1/2-1/2"]
[WhiteElo "2159"]
[BlackElo "1908"]
[PlyCount "56"]
[EventDate "2008.08.26"]
[EventType "swiss"]
[EventRounds "9"]
[EventCountry "RUS"]
[SourceTitle "EXT 2010"]
[Source "ChessBase"]
[SourceDate "2010.11.25"]
[SourceVersion "1"]
[SourceVersionDate "2010.11.25"]
[SourceQuality "1"]

1. e4 e5 2. Nf3 d6 3. d4 exd4 4. Nxd4 Nf6 5. Nc3 Be7 6. Be2 0-0 7. 0-0 Re8 8. Bf3 Bf8 9. Bg5 h6 10. Bxf6 Qxf6 11. Nd5 Qd8 12. Re1 c6 13. Ne3 Nd7 14. g3 Nc5 15. Nc4 Be6 16. Nxe6 Rxe6 17. b4 Nxe4 18. Rxe4 Rxe4 19. Bxe4 d5 20. Bd3 dxc4 21. Bxc4 Bxb4 22. Qxd8+ Rxd8 23. Rb1 a5 24. c3 b5 25. cxb4 bxc4 26. bxa5 Ra8 27. Rc1 Rxa5 28. Rxc4 Rxa2 1/2-1/2

[Event "RUS-ch (Women) 1st League 58th"]
[Site "Smolensk"]
[Date "2008.03.06"]
[Round "9"]
[White "Bukhteeva, Viktoria"]
[Black "Chernikova, Svetlana"]
[Result "1-0"]
[WhiteElo "2065"]
[BlackElo "2197"]
[PlyCount "109"]
[EventDate "2008.02.27"]
[EventType "swiss"]
[EventRounds "9"]
[EventCountry "RUS"]
[SourceTitle "CBM 123 Extra"]
[Source "ChessBase"]
[SourceDate "2008.05.06"]
[SourceVersion "1"]
[SourceVersionDate "2008.05.06"]
[SourceQuality "1"]

1. e4 c5 2. Nf3 g6 3. d4 cxd4 4. Qxd4 Nf6 5. e5 Nc6 6. Qa4 Nd5 7. Qe4 Ndb4 8. Bb5 Qa5 9. Nc3 d5 10. exd6 Bf5 11. Qe5 Nxc2+ 12. Ke2 0-0-0 13. Qxh8 Nxa1 14. Rd1 exd6 15. Qxh7 f6 16. Qf7 Nc2 17. Qxf6 a6 18. Bxc6 bxc6 19. Bg5 Re8+ 20. Kf1 Qc7 21. Bf4 Be7 22. Qf7 Rf8 23. Qc4 a5 24. a3 Rd8 25. Ne4 Qb6 26. Nxd6+ Bxd6 27. Rxd6 Rxd6 28. Bxd6 Kd7 29. Be5 Qb5 30. Qxb5 cxb5 31. Ke2 Ke6 32. Bc7 a4 33. Kd2 b4 34. axb4 Nxb4 35. Nd4+ Kf6 36. Nxf5 Kxf5 37. Bd6 Nd5 38. f3 Nb6 39. Kd3 Ke6 40. Bc5 Nd7 41. Bd4 Kd5 42. h4 Nf8 43. g4 Ne6 44. Be3 Nf8 45. Kc3 Nd7 46. Bd4 Nf8 47. h5 gxh5 48. gxh5 Nh7 49. h6 a3 50. bxa3 Ng5 51. a4 Kc6 52. f4 Nh7 53. Kc4 Kb7 54. Kd5 Nf8 55. Bg7 1-0

[Event "RUS-ch (Women) 1st League 58th"]
[Site "Smolensk"]
[Date "2008.03.05"]
[Round "8"]
[White "Chernikova, Svetlana"]
[Black "Yakupova, Aysyla"]
[Result "1/2-1/2"]
[WhiteElo "2197"]
[BlackElo "2003"]
[PlyCount "90"]
[EventDate "2008.02.27"]
[EventType "swiss"]
[EventRounds "9"]
[EventCountry "RUS"]
[SourceTitle "CBM 123 Extra"]
[Source "ChessBase"]
[SourceDate "2008.05.06"]
[SourceVersion "1"]
[SourceVersionDate "2008.05.06"]
[SourceQuality "1"]

1. e4 c5 2. g3 d5 3. exd5 Qxd5 4. Nf3 Bg4 5. Bg2 Qe6+ 6. Kf1 Nc6 7. h3 Bh5 8. d3 Qd7 9. Be3 e6 10. Nbd2 Rd8 11. Nc4 Nf6 12. g4 Bg6 13. Nfe5 Nxe5 14. Nxe5 Qb5 15. h4 Be4 16. Bxe4 Nxe4 17. Qf3 Nd6 18. b3 Be7 19. Kg2 0-0 20. Rab1 Qa5 21. a4 Qc3 22. Bf4 f6 23. Nc4 Nxc4 24. dxc4 Qxc2 25. Qxb7 Bd6 26. Be3 Be5 27. Qf3 Bd4 28. Rhc1 Qg6 29. h5 Qe8 30. Rd1 e5 31. Re1 Qe6 32. Qf5 Qc6+ 33. Qf3 e4 34. Qf5 Rfe8 35. Kg1 Re5 36. Qf4 Qe6 37. Qg3 Bxe3 38. Rxe3 Rd3 39. Rbe1 Qd6 40. Qg2 Rxe3 41. Rxe3 Qd1+ 42. Kh2 f5 43. Qg3 Qd4 44. g5 g6 45. h6 Re7 1/2-1/2

[Event "RUS-ch (Women) 1st League 58th"]
[Site "Smolensk"]
[Date "2008.03.04"]
[Round "7"]
[White "Yarullina, Alina"]
[Black "Chernikova, Svetlana"]
[Result "1/2-1/2"]
[WhiteElo "2022"]
[BlackElo "2197"]
[PlyCount "97"]
[EventDate "2008.02.27"]
[EventType "swiss"]
[EventRounds "9"]
[EventCountry "RUS"]
[SourceTitle "CBM 123 Extra"]
[Source "ChessBase"]
[SourceDate "2008.05.06"]
[SourceVersion "1"]
[SourceVersionDate "2008.05.06"]
[SourceQuality "1"]

1. e4 c5 2. Nf3 g6 3. g3 Bg7 4. Bg2 Nc6 5. d3 e6 6. Nc3 Nge7 7. h4 h5 8. Bg5 d6 9. 0-0 0-0 10. Qd2 Kh7 11. Nd1 b6 12. c3 Bb7 13. Rb1 Rc8 14. Re1 Qd7 15. d4 cxd4 16. cxd4 Na5 17. b3 Rc7 18. Nc3 Rfc8 19. Rbc1 Ng8 20. Qd3 Nf6 21. Bf4 Ng4 22. Ng5+ Kg8 23. f3 Nf6 24. Bh3 Nh7 25. Nxh7 Kxh7 26. Bd2 d5 27. e5 Bf8 28. Ne2 Ba3 29. Rxc7 Qxc7 30. Qe3 Kg8 31. Nf4 Qe7 32. Qd3 Kg7 33. Bxe6 Rd8 34. Bh3 Nc6 35. e6 Qf6 36. Ne2 Nb4 37. Qe3 Rh8 38. Qf4 Qxf4 39. Nxf4 Nc2 40. Rd1 f6 41. Bc1 Bd6 42. Kf2 Re8 43. Bb2 Ba8 44. Rd2 Nb4 45. a3 Na6 46. Re2 Nc7 47. Bc1 Bb7 48. a4 f5 49. Bd2 1/2-1/2

[Event "Geller Memorial op-A 3rd"]
[Site "Odessa"]
[Date "2007.09.15"]
[Round "8"]
[White "Alexikov, Alexander"]
[Black "Chernikova, Svetlana"]
[Result "1-0"]
[WhiteElo "2432"]
[BlackElo "2204"]
[PlyCount "109"]
[EventDate "2007.09.08"]
[EventType "swiss"]
[EventRounds "9"]
[EventCountry "UKR"]
[SourceTitle "CBM 120 Extra"]
[Source "ChessBase"]
[SourceDate "2007.11.01"]
[SourceVersion "1"]
[SourceVersionDate "2007.11.01"]
[SourceQuality "1"]

1. e4 c5 2. Nf3 g6 3. Nc3 Bg7 4. d4 cxd4 5. Nxd4 Nc6 6. Be3 Nf6 7. Nxc6 bxc6 8. e5 Ng8 9. f4 d6 10. Bc4 Nh6 11. exd6 Qxd6 12. Qxd6 exd6 13. 0-0-0 Nf5 14. Bf2 0-0 15. g4 Bxc3 16. bxc3 d5 17. Bd3 Nd6 18. Bc5 Rd8 19. h3 f5 20. Bxd6 Rxd6 21. g5 Be6 22. Rhe1 Kf7 23. Kd2 Rb8 24. Rb1 Rdd8 25. Rb3 Rb6 26. Reb1 Rdb8 27. a4 c5 28. a5 Rxb3 29. cxb3 d4 30. cxd4 cxd4 31. b4 Bd5 32. b5 Ke7 33. Rb4 Be4 34. h4 Rd8 35. b6 axb6 36. Rxb6 Rd5 37. Rb5 Rd6 38. Re5+ Kf8 39. Bxe4 fxe4 40. Rxe4 Kf7 41. Kd3 Ra6 42. Re5 Rd6 43. Rb5 Kg7 44. Rb4 Ra6 45. Ra4 Kf7 46. Kxd4 Ke6 47. Kc5 Kf5 48. Kb5 Ra8 49. a6 Kg4 50. Kb6 Kxh4 51. a7 Kh5 52. Kb7 Rf8 53. a8Q Rxa8 54. Kxa8 h6 55. gxh6 1-0

[Event "RUS-ch (Women) 1st League 57th"]
[Site "Obninsk"]
[Date "2007.02.28"]
[Round "5"]
[White "Nebolsina, Vera"]
[Black "Chernikova, Svetlana"]
[Result "1/2-1/2"]
[WhiteElo "2324"]
[BlackElo "2207"]
[PlyCount "50"]
[EventDate "2007.02.24"]
[EventType "swiss"]
[EventRounds "9"]
[EventCountry "RUS"]
[SourceTitle "EXT 2010"]
[Source "ChessBase"]
[SourceDate "2010.11.25"]
[SourceVersion "1"]
[SourceVersionDate "2010.11.25"]
[SourceQuality "1"]

1. e4 c5 2. Nc3 Nc6 3. Nf3 g6 4. d4 cxd4 5. Nxd4 Bg7 6. Be3 Nf6 7. Nxc6 bxc6 8. e5 Ng8 9. Bd4 f6 10. f4 d6 11. Qf3 Bd7 12. exd6 exd6 13. Ne4 Qc7 14. 0-0-0 d5 15. Bc5 Bf8 16. Bxf8 Kxf8 17. Qa3+ Kg7 18. Nd6 Rd8 19. f5 Be8 20. Nxe8+ Rxe8 21. Bd3 Nh6 22. Qc5 Qb6 23. Qc3 Re5 24. fxg6 hxg6 25. h3 Rb8 1/2-1/2

[Event "RUS-ch (Women) 1st League 57th"]
[Site "Obninsk"]
[Date "2007.02.24"]
[Round "1"]
[White "Karavaeva, Nadezhda"]
[Black "Chernikova, Svetlana"]
[Result "0-1"]
[WhiteElo "1959"]
[BlackElo "2207"]
[PlyCount "98"]
[EventDate "2007.02.24"]
[EventType "swiss"]
[EventRounds "9"]
[EventCountry "RUS"]
[SourceTitle "EXT 2010"]
[Source "ChessBase"]
[SourceDate "2010.11.25"]
[SourceVersion "1"]
[SourceVersionDate "2010.11.25"]
[SourceQuality "1"]

1. e4 c5 2. Nf3 g6 3. d4 cxd4 4. Nxd4 Bg7 5. c4 Nc6 6. Be3 Nf6 7. Nc3 Ng4 8. Qxg4 Nxd4 9. Qd1 Ne6 10. Be2 d6 11. 0-0 0-0 12. Qd2 Bd7 13. Rac1 a5 14. Nd5 Nc5 15. f3 Bc6 16. Rfd1 Bxd5 17. cxd5 Qb6 18. Bd4 Bxd4+ 19. Qxd4 Rfc8 20. Kh1 Nd7 21. Qxb6 Nxb6 22. Bb5 Rxc1 23. Rxc1 Rc8 24. Rxc8+ Nxc8 25. Kg1 Nb6 26. Kf2 e6 27. dxe6 fxe6 28. Ke3 Kf7 29. f4 e5 30. g4 Ke6 31. h4 d5 32. f5+ gxf5 33. exf5+ Kf6 34. b3 h6 35. Kf3 Nc8 36. Bd7 Nd6 37. Be6 d4 38. Bd5 d3 39. Ke3 e4 40. a4 h5 41. gxh5 Nxf5+ 42. Kd2 Nd6 43. Bg8 Nf5 44. Bd5 Ke5 45. Bxb7 Kd4 46. Bc8 e3+ 47. Kd1 e2+ 48. Kd2 Ne3 49. Ba6 Ng2 0-1

[Event "RUS Cup (Women)"]
[Site "Smolensk"]
[Date "2005.11.27"]
[Round "8"]
[White "Chernikova, Svetlana"]
[Black "Jarulina, Dinara"]
[Result "1-0"]
[WhiteElo "2171"]
[BlackElo "2167"]
[PlyCount "97"]
[EventDate "2005.11.20"]
[EventType "swiss"]
[EventRounds "9"]
[EventCountry "RUS"]
[SourceTitle "CBM 109 Extra"]
[Source "ChessBase"]
[SourceDate "2006.01.03"]
[SourceVersion "2"]
[SourceVersionDate "2006.01.03"]
[SourceQuality "1"]

1. e4 d6 2. d4 Nf6 3. Nc3 e5 4. dxe5 dxe5 5. Qxd8+ Kxd8 6. Nf3 Bd6 7. h3 h6 8. Be3 Be6 9. 0-0-0 Ke7 10. Nd5+ Nxd5 11. exd5 Bd7 12. g4 c6 13. Bc4 Rf8 14. Rhe1 f6 15. Nh4 Rd8 16. f4 c5 17. fxe5 fxe5 18. Rf1 b5 19. Bd3 c4 20. Bg6 Rf8 21. Bf5 Be8 22. g5 h5 23. Ng6+ Bxg6 24. Bxg6 Na6 25. Bxh5 Nc5 26. Bg6 b4 27. h4 b3 28. axb3 cxb3 29. cxb3 Nxb3+ 30. Kc2 Na5 31. Rxf8 Rxf8 32. Bd3 Rc8+ 33. Kb1 Rh8 34. g6 Nb3 35. Rf1 Rf8 36. Rxf8 Kxf8 37. Bxa7 Nc5 38. Bxc5 Bxc5 39. Kc2 Ke7 40. Be4 Kd7 41. Kd3 Bb6 42. Kc4 Kc7 43. Kb5 Be3 44. Ka5 Bf4 45. Ka6 Kb8 46. Kb6 Kc8 47. Kc6 Kb8 48. b4 Kc8 49. b5 1-0

[Event "RUS-ch 1L (Women)"]
[Site "Serpukhov"]
[Date "2004.02.??"]
[Round "6"]
[White "Borisova, Elizaveta"]
[Black "Chernikova, Svetlana"]
[Result "1-0"]
[WhiteElo "2139"]
[BlackElo "2210"]
[PlyCount "79"]
[EventDate "2004.02.??"]
[EventType "swiss"]
[EventRounds "9"]
[EventCountry "RUS"]
[SourceTitle "EXT 2005"]
[Source "ChessBase"]
[SourceDate "2004.11.15"]
[SourceVersion "1"]
[SourceVersionDate "2004.11.15"]
[SourceQuality "1"]

1. e4 c5 2. Nc3 d6 3. Nf3 Nc6 4. d4 cxd4 5. Nxd4 Nf6 6. Be3 g6 7. f3 Bg7 8. Qd2 a6 9. Bc4 Ne5 10. Bb3 h5 11. 0-0-0 b5 12. h4 Bd7 13. Nd5 a5 14. a3 Rc8 15. Ne2 Nxd5 16. exd5 Bf5 17. Nd4 a4 18. Ba2 Qc7 19. Nxf5 gxf5 20. Kb1 Nc4 21. Bxc4 Qxc4 22. Rhe1 Be5 23. Qf2 Rg8 24. f4 Bf6 25. Bd4 Bxd4 26. Rxd4 Qc5 27. Qe2 Rc7 28. Rb4 Qxd5 29. Rxb5 Qa8 30. Qxh5 Qc8 31. Rxf5 e6 32. Rf6 Re7 33. Rh6 Kd7 34. Qf3 Qc7 35. Rh5 Rc8 36. Re2 d5 37. Rhe5 Qc5 38. Rd2 f6 39. Rexd5+ exd5 40. Rxd5+ 1-0